00465 2200181 4500001002100000005001500021008004100036020002200077035001900099041000700118082001200125090001800137100002000155245001700175260004100192300001800233650003200251INLIS00000000001547520241224114936241224||||||||| | ||| |||| || |  a978-602-8275-06-4 0010-1224015475 aid0 a571.876 a571.876 AHM m0 aAhmad Dzulfikar00aMetamorfosis aJakartabRaja Grafindo Persadac2008 a32hlm;20x27cm 0aIlmu ilmu tentang kehidupan